ASOIAF Top 50 Minefield Quiz Stats

 Plays Quiz Updated Aug 5, 2017

Support Sporcle.
Go Orange.
Score 0/50 Timer 10:00
9 Plays Today
Rank Character % Correct
3???
80.3%
8???
79%
2???
76.2%
4???
73.1%
10???
72.2%
7???
71.6%
5???
67.3%
6???
60.4%
11???
60%
18???
56.5%
14???
51%
9???
50.6%
16???
48.1%
20???
41.3%
15???
40.8%
12???
40.1%
13???
40%
26???
39.9%
21???
32.2%
24???
31%
23???
28.2%
1???
27.7%
38???
24.7%
19???
23.5%
17???
23%
Rank Character % Correct
36???
20.7%
29???
18.1%
34???
18%
27???
17.3%
42???
16.5%
40???
15.5%
25???
15%
35???
14.6%
31???
13.4%
33???
13.2%
41???
12.7%
22???
11.7%
30???
11.3%
32???
10.4%
28???
8.2%
37???
7.9%
48???
6.7%
47???
6.5%
44???
6.3%
45???
6.1%
50???
6.1%
49???
5.9%
39???
4.9%
43???
4.7%
46???
3%

You're not logged in!

Compare scores with friends on all Sporcle quizzes.
OR
Log In
Forgot?

From the Vault

Small US Geography

by pishposh5

Aww, these states are soooo cute.
Remove Ads.
Support Sporcle.
Get the best of Sporcle when you Go Orange. This ad-free experience offers more features, more stats, and more fun while also helping to support Sporcle. Thank you for becoming a member.

Show Comments

Extras

Top Quizzes Today


Score Distribution

Your Account Isn't Verified!

In order to create a playlist on Sporcle, you need to verify the email address you used during registration. Go to your Sporcle Settings to finish the process.

Report this User

Report this user for behavior that violates our Community Guidelines.

Details: